000 00579nam a2200181Ia 4500
003 GCL
008 140319s9999 xx 000 0 ara d
040 _aGCL /
_cGCL
082 0 4 _a956.701
_bع ت
100 1 _aعلى شاكر على
245 1 0 _aتاريخ العراق فى العهد العثماني /
_cعلى شاكر على
300 _a233 ص
490 _aالهيئة العامة للاستعلامات
_v0
650 0 4 _aالعراق
650 0 4 _aالعراق - تاريخ
650 0 4 _aالعراق - تاريخ - العصرالعثمانى
942 _2ddc
_cBK
999 _c47997
_d47997